| 000 | 00595nam a2200181 4500 | ||
|---|---|---|---|
| 001 | FRBNF375058130000004 | ||
| 003 | http://catalogue.bnf.fr/ark:/12148/cb37505813z | ||
| 005 | 20250813130631.0 | ||
| 008 | 250813b |||||||| |||| 00| 0 eng d | ||
| 020 | _a0913573035 | ||
| 050 |
_aPJ 4833 _bDAV |
||
| 100 | _aDAVIDSON, BENJAMIN | ||
| 245 |
_aTHE ANALYTICAL HEBREW AND CHALDEE LEXICON _cBENJAMIN DAVIDSON |
||
| 260 |
_aMASSACHUSETTS _bHENDRICKSON PUBLISHERS _cc2000 |
||
| 300 | _ax,; 784p.; | ||
| 700 |
_312544890 _oISNI0000000081252701 _aDavidson _bBenjamin _f18..?-1871 _4070 |
||
| 942 |
_2lcc _cREF _n0 |
||
| 999 |
_c7266 _d7266 |
||